Hurricane - Fleurie - All Lyrics - Statistics

General Stats
  • This quiz has been taken 4 times
  • The average score is 166 of 246
Answer Stats
Answer % Correct
a
100%
am
100%
and
100%
And
100%
Comin'
100%
hurricane,
100%
hurricane
100%
I
100%
is
100%
it
100%
like
100%
when
100%
again
67%
air
67%
all
67%
as
67%
breaking
67%
can
67%
change
67%
climb
67%
composed
67%
counting
67%
don't
67%
every
67%
feel
67%
Fragile
67%
go,
67%
hanging
67%
harder
67%
heart
67%
how
67%
I’m
67%
in
67%
in,
67%
It’s
67%
It's
67%
know
67%
know,
67%
let
67%
real
67%
same
67%
slow
67%
slow,
67%
spinning
67%
stairs
67%
stay
67%
step
67%
take
67%
than
67%
the
67%
The
67%
thin
67%
to
67%
vane
67%
Watch
67%
watch
67%
we
67%
We
67%
weather
67%
we're
67%
were
67%
wind
67%
world
67%
you
67%
your
67%
aching
33%
awake
33%
bones,
33%
buried
33%
came
33%
closed
33%
down
33%
eyes
33%
Falling
33%
falling
33%
hold
33%
most
33%
much
33%
not
33%
pouring
33%
rain
33%
see
33%
Seven
33%
sky
33%
this
33%
Though
33%
times
33%
too
33%
Turning
33%
turns
33%
wearing
33%
against
0%
burns
0%
flame,
0%
now
0%
red
0%
skin
0%
No matching quizzes found
Score Distribution
Percent of People with Each Score
Percentile by Number Answered
Your Score History
You have not taken this quiz